Mathematical methods in chemical engineering (Record no. 25039)

000 -LEADER
fixed length control field 00548nam a22002051 4500
001 - CONTROL NUMBER
control field 25039
003 - CONTROL NUMBER IDENTIFIER
control field BD-DhUET
008 - FIXED-LENGTH DATA ELEMENTS--GENERAL INFORMATION
fixed length control field 730313s1963 xx 000 0 eng
040 ## - CATALOGING SOURCE
Original cataloging agency DLC
Transcribing agency OClU
Modifying agency BD-DhUET
082 ## - DEWEY DECIMAL CLASSIFICATION NUMBER
Classification number 660.28
Item number JEN/1963
100 ## - MAIN ENTRY--PERSONAL NAME
Personal name Jenson, V. G.
245 10 - TITLE STATEMENT
Title Mathematical methods in chemical engineering
250 ## - EDITION STATEMENT
Edition statement 1st ed.
260 ## - PUBLICATION, DISTRIBUTION, ETC. (IMPRINT)
Place of publication, distribution, etc. London
Name of publisher, distributor, etc. Academic Press
Date of publication, distribution, etc. 1963
300 ## - PHYSICAL DESCRIPTION
Extent xi, 556 p.
Other physical details illus.
Dimensions 24cm.
504 ## - BIBLIOGRAPHY, ETC. NOTE
Bibliography, etc Includes bibliographies
650 #0 - SUBJECT ADDED ENTRY--TOPICAL TERM
Topical term or geographic name as entry element Chemical engineering
700 ## - ADDED ENTRY--PERSONAL NAME
Personal name Jeffreys, G. V.
942 ## - ADDED ENTRY ELEMENTS (KOHA)
Koha item type General Book
Holdings
Shelving location Source of classification or shelving scheme Koha item type Price effective from Sublocation or collection (holding branch) Location (home branch) Damaged status Koha full call number Koha normalized classification for sorting Copy number Koha date last seen Piece designation (barcode) Not for loan Date acquired Lost status Withdrawn status
Circulation section General Book2015-05-12Central Library, BUETCentral Library, BUET 660.28/JEN/1963660_280000000000000_JEN_196312015-05-1222438 2015-05-12  
Circulation section General Book2015-05-12Central Library, BUETCentral Library, BUET 660.28/JEN/1963660_280000000000000_JEN_196322015-05-1222440 2015-05-12  
Circulation section General Book2015-05-12Central Library, BUETCentral Library, BUET 660.28/JEN/1963660_280000000000000_JEN_196332015-05-1222434 2015-05-12  
Circulation section General Book2015-05-18Central Library, BUETCentral Library, BUET 660.28/JEN/1963660_280000000000000_JEN_196342015-05-1822432 2015-05-18  
Circulation section General Book2015-05-18Central Library, BUETCentral Library, BUET 660.28/JEN/1963660_280000000000000_JEN_196352015-05-1822435 2015-05-18  
Circulation section General Book2015-05-18Central Library, BUETCentral Library, BUET 660.28/JEN/1963660_280000000000000_JEN_196362015-05-1829450 2015-05-18  
Circulation section General Book2015-05-18Central Library, BUETCentral Library, BUET 660.28/JEN/1963660_280000000000000_JEN_196372015-05-1829449 2015-05-18  
Circulation section General Book2015-05-18Central Library, BUETCentral Library, BUET 660.28/JEN/1963660_280000000000000_JEN_196382015-05-1829448 2015-05-18  
Circulation section General Book2015-05-18Central Library, BUETCentral Library, BUET 660.28/JEN/1963660_280000000000000_JEN_196392015-05-1829457 2015-05-18  
Circulation section General Book2015-05-18Central Library, BUETCentral Library, BUET 660.28/JEN/1963660_280000000000000_JEN_1963102015-05-1829454 2015-05-18  
Circulation section General Book2015-05-18Central Library, BUETCentral Library, BUET 660.28/JEN/1963660_280000000000000_JEN_1963112015-05-1829453 2015-05-18  
Circulation section General Book2015-05-18Central Library, BUETCentral Library, BUET 660.28/JEN/1963660_280000000000000_JEN_1963122015-05-1829451 2015-05-18  
Circulation section General Book2015-05-18Central Library, BUETCentral Library, BUET 660.28/JEN/1963660_280000000000000_JEN_1963132015-05-1822431 2015-05-18  
Circulation section General Book2015-05-18Central Library, BUETCentral Library, BUET 660.28/JEN/1963660_280000000000000_JEN_1963142015-05-1829452 2015-05-18  
Circulation section General Book2015-05-18Central Library, BUETCentral Library, BUET 660.28/JEN/1963660_280000000000000_JEN_1963152015-05-1822436 2015-05-18  
Reading section Reading Item2015-06-17Central Library, BUETCentral Library, BUET 660.28/JEN/1963660_280000000000000_JEN_1963162015-06-1729456 2015-06-17  
Reading section Reading Item2015-06-18Central Library, BUETCentral Library, BUET 660.28/JEN/1963660_280000000000000_JEN_1963172015-06-1829455. 2015-06-18  
Reading section Reading Item2015-07-10Central Library, BUETCentral Library, BUET 660.28/JEN/1963660_280000000000000_JEN_1963182015-07-1022439 2015-07-10